| 000 | 00704nam a22002057a 4500 | ||
|---|---|---|---|
| 999 |
_c921 _d921 |
||
| 003 | AR-CdUCM | ||
| 008 | 190225b ||||| |||| 00| 0 spa d | ||
| 040 |
_aMUNICIPALIDAD PROVINCIAL DEL CUSCO _cBIBLIOTECA MUNICIPAL DEL CUSCO |
||
| 082 |
_a869.56 / _bL81 |
||
| 100 |
_aLoayza, Luis _93541 |
||
| 245 |
_aOtras tardes : _bcuentos / |
||
| 260 |
_aLima : _bAdobe Editores, _c2000. |
||
| 300 |
_a142 páginas ; _c22 cm. |
||
| 440 |
_aBiblioteca latinoamericana contemporanea. _n7 _93542 |
||
| 505 | _aContenido: Otras tardes -- Enrededera -- Padres e hijos -- La segunda juventud -- Fragmentos. | ||
| 650 |
_aCuentos peruanos _97 |
||
| 650 |
_aCuentos siglo XX _9414 |
||
| 942 |
_2ddc _cLIBROS |
||
| 945 | _azta | ||